Rezanie metallov /

Saved in:
Bibliographic Details
Main Author: Filonenko, Serafim Nikonovič (Author)
Format: Book
Language:Russian
Published: Kijev : Technika, 1975
Subjects:
Tags: Add Tag
No Tags, Be the first to tag this record!

MARC

LEADER 00000nam a22000003a 4500
001 stu36069
005 20150617225727.5
008 920520s1975----xxr-----------------rus-d
040 |a STU  |b slo 
041 0 |a rus 
044 |a xxr 
080 |a 621.937 
100 1 |a Filonenko, Serafim Nikonovič  |4 aut 
245 1 |a Rezanie metallov /  |c [aut.]S.N. Filonenko 
260 |a Kijev :  |b Technika,  |c 1975 
300 |a 229 s 
650 7 |a rezanie  |2 stusub 
650 7 |a kovy  |2 stusub 
996 |b 284M003441  |c M*4302-1  |l MMKN  |s A  |a 24  |w stu36069_0001